Manažér ako spolupracovník

Bibliographic Details
Main Author: Lajčin, Daniel, 1962- (Author)
Format: Software eBook
Language:Slovak
PhysicalDescription:1 elektronický optický disk (CD-ROM) fareb. 12 cm
Published: Dubnica nad Váhom Dubnický technologický inštitút 2014
ISBN:9788089732166
Edition:Prvé vyd.
Subjects:

MARC

LEADER 00000nam a2200000 a 4500
001 vtls010650233
003 SK-MaSNL
005 20260302015830.0
007 co cg auuua
008 240314s2014 xo | fs 000 0 slo
015 |a SNBS2015 
020 |a 9788089732166  |q (elektronická kniha) 
040 |a SNK  |b slo  |c SNK  |e AACR2 
041 0 |a slo 
044 |a xo  |c SK 
072 7 |a 005  |x Manažment. Riadenie  |2 konspekt 
080 |a 005.742-057.162  |2 2001 
080 |a 005  |2 2001 
080 |a 005.35  |2 2001 
080 |a 005.73  |2 2001 
080 |a (048.8)  |2 2001 
080 |a (0.034.44)  |2 2001 
100 1 |a Lajčin, Daniel,  |d 1962-  |4 aut  |9 219348 
245 1 0 |a Manažér ako spolupracovník  |h elektronický zdroj  |c Daniel Lajčin 
250 |a Prvé vyd. 
260 |a Dubnica nad Váhom  |b Dubnický technologický inštitút  |c 2014 
300 |a 1 elektronický optický disk (CD-ROM)  |b fareb.  |c 12 cm 
500 |a Názov z titulnej obrazovky 
504 |a Bibliogr. odkazy 
516 |a Textový dokument (monografia), súbor vo formáte pdf 
538 |a Technické požiadavky: PDF prehliadač 
650 0 7 |a manažéri  |2 SNKPH  |9 1758 
650 0 7 |a manažment  |2 SNKPH  |9 922 
650 0 7 |a spoločenská zodpovednosť podnikov  |2 SNKPH  |9 101025 
650 0 7 |a kultúra organizácie  |2 SNKPH  |9 3660 
650 0 7 |a Executives  |2 SNKPHeng  |9 275365 
650 0 7 |a Corporate social responsibility  |2 SNKPHeng  |9 275133 
650 0 7 |a Management  |2 SNKPHeng  |9 265406 
650 0 7 |a Corporate culture  |2 SNKPHeng  |9 306564 
655 7 |a elektronické zdroje  |2 SNKPH  |9 90954 
655 7 |a CD-ROM  |2 SNKPH  |9 70236 
655 7 |a monografie  |2 SNKPH  |9 70139 
655 7 |a Electronic resources  |2 SNKPHeng  |9 175546 
655 7 |a Monographs  |2 SNKPHeng  |9 120675 
919 |a 978-80-89732-16-6 
958 |a NB 
999 |c 1022813  |d 1024743 
952 |a SNK  |b SNK  |y PREZ  |7 0  |p 17A1136013  |o snkSCDM 7058  |i snk2015/2645  |8 0  |0 0  |1 0  |4 0  |d 2015-01-28  |l 0  |r 2026-02-24 13:29:24  |w 2026-02-24 
952 |t snkMAN 005  |a SNKMST  |b SNKMST  |y PREZ  |7 0  |p 17A1136012  |o snkSCDM 7058 D1  |i snk2015/2646  |8 0  |0 0  |1 0  |4 0  |d 2015-01-28  |l 0  |r 2025-08-11 00:00:00  |w 2026-02-24